000 01119nam a2200265 i 4500
003 DO-SdBNP
005 20260429123224.0
007 ta
008 220915e2004 dr ac||grty|| 001 0 spa d
040 _aDO-SdBNP
_bspa
_cBNPHU
_erda
082 4 _a361.25
_bP273ma
_222
245 1 0 _aMemoria anual 2004. /
_cEditor, Nurys Paulino
264 1 _aSanto Domingo :
_bUSAID,
_c2005.
300 _a90 páginas :
_bIlustraciones, retratos ;
_c27 cm.
336 _atexto
_btxt
_2rdacontent
337 _asin mediación
_bn
_2rdamedia
338 _avolumen
_bnc
_2rdacarrier
505 _aPresentación.
_gInforme del Coordinador General Alfonso Collado en la Asamblea General Ordinaria
_tConsejo Nacional.--
_tÁreas de Apoyo.--
_tEspacios de Coordinación Internacional.--
_tInformes de Comisiones.--
_tPublicaciones del año.--
_tInforme Financiero.
590 _aInventariado 2024 / MF
650 4 _aOrganizaciones sin ánimo de lucro
_xCorrespondencia, memorias, etc.
_956956
650 0 _aParticipación política
_9456
650 2 0 _aParticipación política
_9456
700 1 _aPaulino, Nurys,
_eeditor
_4ed.
_922136
942 _2ddc
_cLBS1
999 _c52408
_d52408